Toward an ecological society /

Bibliographic Details
Main Author: Bookchin, Murray, 1921-2006
Format: Book
Language:English
Published: Montreal, Quebec : Black Rose Books, [1980]
Series:Black Rose books ; no. J 57
Subjects:

MARC

Tag First Indicator Second Indicator Subfields
LEADER 00000cam a2200000 a 4500
001 in00000080832
005 20151008054108.0
008 810911s1980 quc b 00010 eng d
020 |a 0919618995 
020 |a 0919618987 (pbk.) 
035 |a (OCoLC)07753479 
035 |9 AAH9615AM 
040 |a EEM  |c EEM  |d TXA  |d UtOrBLW 
049 |a TXAM  |c [1803923] 
090 |a HM206  |b .B67 
100 1 |a Bookchin, Murray,  |d 1921-2006. 
245 1 0 |a Toward an ecological society /  |c by Murray Bookchin. 
264 1 |a Montreal, Quebec :  |b Black Rose Books,  |c [1980] 
264 4 |c ©1980 
300 |a 315 pages ;  |c 22 cm. 
336 |a text  |b txt  |2 rdacontent 
337 |a unmediated  |b n  |2 rdamedia 
338 |a volume  |b nc  |2 rdacarrier 
490 0 |a Black Rose books ;  |v no. J 57 
504 |a Includes bibliographical references. 
650 0 |a Human ecology. 
650 0 |a Sociology. 
999 |a MARS 
999 f f |s 99242676-18bc-351a-bc6e-77d001f84b36  |i 8248cddf-3fa7-3209-9f9f-dea400cc268f  |t 0 
952 f f |p ric  |a Texas A&M University  |b Rellis Campus  |c Joint Library Facility  |d Remote Storage  |t 0  |e HM206 .B67  |h Library of Congress classification  |i unmediated -- volume  |m A14806139537 
998 f f |a HM206 .B67  |t 0  |l Remote Storage